| 000 | 00733nam a2200229 a 4500 | ||
|---|---|---|---|
| 001 | 000003649 | ||
| 003 | DO-SdBNP | ||
| 005 | 20260114124842.0 | ||
| 007 | ta | ||
| 008 | 090711s1947 dr r 000 0 spa d | ||
| 040 |
_aDO-SdBNP _bspa _cBNPHU |
||
| 082 | 4 |
_a158.128 _bM385m _222 |
|
| 100 | 1 |
_aMartínez de Trujillo, María, _96223 _d1899-? |
|
| 245 | 1 | 0 |
_aMeditaciones morales / _cMaría Martínez de Trujillo ; prólogo José Vasconcelos. |
| 260 |
_aCuidad Trujillo, República Dominicana : _b[s.n], _c1947. |
||
| 300 |
_a121 p. : _b23 cm. |
||
| 590 | _aInventariado 2021 / MF | ||
| 650 | 1 | 0 |
_aMeditaciones _95988 |
| 700 | 1 |
_aVasconcelos, José, _epról. _911189 |
|
| 910 | _aValidado. Control de calidad. MAA. | ||
| 942 |
_2ddc _cLBS1 |
||
| 999 |
_c3472 _d3472 |
||